To some novel business models in social enterprise

Snahou príspevku je popísať podnikateľský model sociálneho podniku, ktorý môže slúžiť ako vhodný príklad pre inováciu podnikateľského modelu vedúcu k novým podnikateľským modelom propagujúcim tvorbu viacnásobnej hodnoty pre zákazníka.

Gespeichert in:
Bibliographische Detailangaben
1. Verfasser: Kita, Jaroslav
Weitere Verfasser: Konštiak, Pavol, Kita, Peter
Format: Buchkapitel
Sprache:Englisch
Schlagworte:
Tags: Tag hinzufügen
Keine Tags, Fügen Sie das erste Tag hinzu!

MARC

LEADER 00000naa$a2200000$$$4500
001 0237950
005 20240502083636.8
041 0 |a eng 
044 |a BG 
245 1 0 |a To some novel business models in social enterprise  |c Jaroslav Kita, Pavol Konštiak, Peter Kita 
520 |a Snahou príspevku je popísať podnikateľský model sociálneho podniku, ktorý môže slúžiť ako vhodný príklad pre inováciu podnikateľského modelu vedúcu k novým podnikateľským modelom propagujúcim tvorbu viacnásobnej hodnoty pre zákazníka. 
610 2 0 |a podnik sociálny 
610 2 0 |a podnikanie sociálne 
610 2 0 |a zodpovednosť spoločenská 
610 2 0 |a modely podnikateľské 
610 2 0 |a hodnota 
100 1 |a Kita, Jaroslav 
700 1 |a Konštiak, Pavol 
700 1 |a Kita, Peter